| 000 -LEADER |
| fixed length control field |
01161pab a2200181 454500 |
| 008 - FIXED-LENGTH DATA ELEMENTS--GENERAL INFORMATION |
| fixed length control field |
180718b1999 xxu||||| |||| 00| 0 eng d |
| 100 ## - MAIN ENTRY--PERSONAL NAME |
| Personal name |
Sharma, D.P. |
| 245 ## - TITLE STATEMENT |
| Title |
Speedy justice and Indian criminal justice system |
| 260 ## - PUBLICATION, DISTRIBUTION, ETC. |
| Date of publication, distribution, etc. |
1999 |
| 300 ## - PHYSICAL DESCRIPTION |
| Extent |
p.356-363. |
| 362 ## - DATES OF PUBLICATION AND/OR SEQUENTIAL DESIGNATION |
| Dates of publication and/or sequential designation |
Jul-Sep |
| 520 ## - SUMMARY, ETC. |
| Summary, etc. |
Emphasising `speedy justice' as one of the key elements of reform in the Indian Judicial System - more particularly Indian Criminal Justice System - the author surveys the attempts made by different agencies from time to time to promote provision of `speedy justice' to the accused. Besides facilitating clarification of the concept of `speedy justice' by analysing its evolution and relevance, he incorporates in the discussion suggestions, guidelines and recommendations given by the Supreme Court of India, Law Commission, and several Committees constituted for the purpose, along with the story of the development and improvement of the new Code of Criminal Procedure, 1973 and amendments thereto. - Reproduced |
| 650 ## - SUBJECT ADDED ENTRY--TOPICAL TERM |
| Topical term or geographic name entry element |
Judiciary - India |
| 650 ## - SUBJECT ADDED ENTRY--TOPICAL TERM |
| Topical term or geographic name entry element |
Judiciary |
| 773 ## - HOST ITEM ENTRY |
| Main entry heading |
Indian Journal of Public Administration |
| 908 ## - PUT COMMAND PARAMETER (RLIN) |
| Put command parameter |
N |
| 909 ## - |
| -- |
43478 |